000 00217 a2200097 4500
001 845
100 _aMarkses,J
245 _aElectronics for communication engineering
260 _a
_bMcgrawhill
_c
090 _c436
_d436
942 _aNUST-CAE
_cM
_c30667
999 _c235918
_d235918